Statistics for Scramble European Cities #2

Click here to take the quiz!

General Stats

  • This quiz has been taken 25 times
  • The average score is 12 of 15

Answer Stats

CountryAnswer% Correct
FranceBordueax
91%
PolandKatowice
91%
IcelandReykjavik
91%
Northern Ireland, UKBelfast
86%
SlovakiaBratislava
86%
FinlandHelsinki
86%
AzerbaijanBaku
82%
FYR MacedoniaSkopje
82%
CroatiaZagreb
82%
SwedenMalmö
77%
ItalyNaples
77%
Belgium/NetherlandsBaarle
73%
PortugalLisbon
68%
SpainMadrid
68%
GermanyHamburg
64%

Score Distribution

Percentile by Number Answered

Percent of People with Each Score

Your Score History

You have not taken this quiz